| 000 | 00525nam a2200193 a 4500 | ||
|---|---|---|---|
| 001 | 1773825107332 | ||
| 003 | YourLibrary | ||
| 005 | 20260318144535.0 | ||
| 008 | 260318s2000##################000#0#eng## | ||
| 020 | _a9780763712440 | ||
| 082 | 0 | 4 | _a362.18SEA |
| 100 | 1 |
_aSeaward, Brian Luke, _eauthor. |
|
| 245 | 1 | 0 | _aManaging Stress in Emergency Medical Services : |
| 260 |
_bJones & Bartlett Learning, _c2000. |
||
| 300 | _a88 pages | ||
| 650 | 0 | _aMedical. | |
| 942 | _cENGLISH | ||
| 040 |
_aYourLibrary _beng _cYourLibrary |
||
| 999 |
_c617858 _d617858 |
||